Lượn Then ở miền đông Cao Bằng
Sách giới thiệu trên 7.000 câu lượn được xếp thành hệ thống theo trình tự của một đêm hát của thanh niên nam nữ dân tộc Tày ở miền đông tỉnh Cao Bằng.
Đã lưu trong:
| Príomhúdar: | |
|---|---|
| Formáid: | Leabhar |
| Teanga: | Undetermined |
| Foilsithe: |
Hà Nội
Nxb. Đại học Quốc gia Hà Nội
2010
|
| Ábhair: | |
| Clibeanna: |
Cuir Clib Leis
Gan Chlibeanna, Bí ar an gcéad duine leis an taifead seo a chlibeáil!
|
| Thư viện lưu trữ: | Trung tâm Học liệu Trường Đại học Cần Thơ |
|---|
| LEADER | 00928nam a2200217Ia 4500 | ||
|---|---|---|---|
| 001 | CTU_167786 | ||
| 008 | 210402s9999 xx 000 0 und d | ||
| 082 | |a 782.42162 | ||
| 082 | |b M103 | ||
| 100 | |a Triệu, Thị Mai | ||
| 245 | 0 | |a Lượn Then ở miền đông Cao Bằng | |
| 245 | 0 | |c Triệu Thị Mai | |
| 260 | |a Hà Nội | ||
| 260 | |b Nxb. Đại học Quốc gia Hà Nội | ||
| 260 | |c 2010 | ||
| 520 | |a Sách giới thiệu trên 7.000 câu lượn được xếp thành hệ thống theo trình tự của một đêm hát của thanh niên nam nữ dân tộc Tày ở miền đông tỉnh Cao Bằng. | ||
| 650 | |a Folk music,Âm nhạc dân gian | ||
| 650 | |x History and criticism,Lịch sử và phê bình | ||
| 650 | |z Vietnam,Việt Nam | ||
| 904 | |i Trọng Hải | ||
| 980 | |a Trung tâm Học liệu Trường Đại học Cần Thơ | ||